000 00937nmm a2200289 a 4500
001 ocm000754718
003 TR-IsHL
005 20201028152544.0
008 150709s2010 tu tur
007 cr cn
020 _a9786055765644
035 _a754718
_b(N$T)
050 0 4 _aPZ7.L6913
_b.Ç3 2010
090 0 4 _aPZ7.L6913
_b.Ç3 2010
100 1 _aLisle, Rebecca
245 1 0 _aÇarpık bacaklı cüce
_h[electronic resource] /
_cRebecca Lisle ; çev. R. Sevgi Demir
250 _a1. bs.
260 _aİstanbul :
_bPupa Yayınları,
_c2010
300 _a78 p.
650 4 _aDil ve Edebiyat
650 4 _aLanguage and Literature
650 0 _aİngiliz romanı
650 0 _aEnglish fiction
650 7 _aLITERARY COLLECTIONS / European / English, Irish, Scottish, Welsh
_2bisacsh
700 1 _aDemir, R. Sevgi
856 4 0 _uhttp://search.ebscohost.com/login.aspx?direct=true&scope=site&db=e011xww&AN=754718
999 _c11589
_d11589